Výber daňových opatrení štátu zameraných na podporu zamestnanosti počas mimoriadnej situácie
Aktívna politika trhu práce a daňová politika v mimoriadnom období. Opatrenia na zmiernenie dopadov pandémie na Slovensku v oblasti zdaňovania príjmu zo závislej činnosti. Povinnosti zamestnávateľa a zamestnanca. Oslobodenie podpory, príspevkov a grantov od dane z príjmov v rámci uplatňovania aktívn...
Na minha lista:
| Autor principal: | |
|---|---|
| Formato: | Capítulo de Livro |
| Idioma: | eslovaco |
| Assuntos: | |
| Tags: |
Sem tags, seja o primeiro a adicionar uma tag!
|
MARC
| LEADER | 00000naa$a2200000$$$4500 | ||
|---|---|---|---|
| 001 | 0271306 | ||
| 005 | 20240502074251.4 | ||
| 041 | 0 | |a slo | |
| 044 | |a SK | ||
| 245 | 1 | 0 | |a Výber daňových opatrení štátu zameraných na podporu zamestnanosti počas mimoriadnej situácie |c Anna Schultzová |
| 520 | |a Aktívna politika trhu práce a daňová politika v mimoriadnom období. Opatrenia na zmiernenie dopadov pandémie na Slovensku v oblasti zdaňovania príjmu zo závislej činnosti. Povinnosti zamestnávateľa a zamestnanca. Oslobodenie podpory, príspevkov a grantov od dane z príjmov v rámci uplatňovania aktívnej politiky práce. | ||
| 610 | 2 | 0 | |a opatrenia |
| 610 | 2 | 0 | |a koronavírus |
| 610 | 2 | 0 | |a dane |
| 610 | 2 | 0 | |a trh práce |
| 610 | 2 | 0 | |a zamestnanosť |
| 610 | 2 | 0 | |a Slovensko |
| 100 | 1 | |a Schultzová, Anna | |